000 00217nam a22000857a 4500
008 161114b xxu||||| |||| 00| 0 eng d
100 _91191
_aMirza.L.
245 _aThe Joy of Mathematics-2
260 _aNew Delhi
_bFrank
_c2012
999 _c3878
_d3878